01310cam a22002897a 4500003000500000005001700005008004100022010001000063011001000073020001500083035001000098040000900108082001600117100004300133245020600176260009300382300004800475410006800523490011500591650001900706650002700725650001200752700003100764700004200795810006800837830011500905CHAP20220329142536.0010925d2001 mx abd r 00110 spa d a84719 a85691 a968516701X a96226 cCHAP04a631.874bG800aGuerrero Jiménez, Trinidad Cristina.13aEl uso de mucuna como abono verde y cultivo de cobertura:buna evaluación campesina en el sureste de Méxicoc/por Cristina Guerrero Jiménez, Balente Herrera Hernández y Tzinnia Carranza López aMéxico, D.F. :bFundación Rockefeller. Red de Gestión de Recursos Naturales,c2001 a157 p. :bilus. ; mapa ; cuadros ; diagrama21aFundación Rockefeller. Red de Gestión de Recursos Naturales 0aEstudios de caso sobre participación campesina en generación, validación y transferencia de tecnología14aAbonos verdes.14aCultivos de cobertura.14aMucuna.0 aCarranza López, Tzinnia.0 aHerrera Hernández, Obeimar Balente.00aFundación Rockefeller. Red de Gestión de Recursos Naturales00aEstudios de caso sobre participación campesina en generación, validación y transferencia de tecnología